| 000 | 00341 a2200109 4500 | ||
|---|---|---|---|
| 001 | ART_2596 | ||
| 005 | 20260410161718.0 | ||
| 008 | 260409a | ||
| 245 | 1 | 0 | _aBreve historia de la formación constitucional francesa |
| 100 | 1 | _aBianchi, Alberto B. | |
| 773 | 0 |
_tDerecho administrativo _g- Nº 75 (ene./mar. 2011) _wREV1721 |
|
| 999 |
_c16666 _d16666 |
||